=LDR 00000nam 2200000 4500 =001 INLIS000000000001667 =005 20130612090052 =008 ***********************************Ind** =035 ##$$0010-061300000001667 =041 ##$$a Ind =082 ##$$a 330.07 =090 ##$$a 330.07, Rah-e =100 ##$$a RAHARJA, Pratama =245 ##$$a Ekonomi SLTP, Pratama, Raharja =260 ##$$a 2000 $b Jakarta =300 ##$$a ...jil, ilus, 28 cm =650 ##$$a Ekonomi =650 ##$$a SLTP =850 ##$$a NBPNMAT